A grande aventura... por mares nunca dantes navegados (Registo nº 4076)

Detalhes MARC
000 -Etiqueta do registo
Cabeçalho 00839cam a2200301 4500
005 - Identificador da versão
Campo de controlo 20240813122052.0
095 ## -
-- PTBN00358749
010 ## - Número internacional normalizado dos livros (ISBN)
Número (ISBN) 9724105504
021 ## - Número do Depósito Legal
Código do país PT
Número 40454/90
100 ## - Dados gerais de processamento
Dados gerais de processamento 19920324d1991 a y0pory5003 ba
102 ## - Pais de publicação ou produção
País de publicação Portugal
101 0# - Língua de publicação
Língua do texto, banda sonora, etc. Português
106 ## - Campo de dados codificados: material textual
Dados codificados do material textual r
105 ## - Campo de dados codificados: livros
Dados codificados dos livros a t 000ay
215 ## - Descrição física 
Indicação específica da natureza do documento e extensão da espécie 64 p.
Outras indicações físicas il.
Dimensões 30 cm
200 1# - Titulo e menção de responsabilidade
Título próprio A grande aventura... por mares nunca dantes navegados
Primeira menção de responsabilidade textos A. do Carmo Reis
Outras menções de responsabilidade des. José Garcês
225 1# - Colecção 
Título próprio da colecção História de Portugal em BD
Indicação de volume 2
205 ## - Menção da edição
Menção da edição 6ª ed
210 ## - Publicação, Distribuição, etc. 
Lugar da edição, distribuição, etc. Porto
Nome do editor, distribuidor, etc. Asa
Data da publicação, distribuição, etc. 1991
675 ## - Classificação Decimal Universal (CDU)
Notação 087.5
Edição BN
Língua da edição por
Notação 946.9(4)-053.2
Edição BN
Língua da edição por
702 #1 - Nome de autor-pessoa física (responsabilidade secundária)
Número de registo de entrada de autoridade 0000205
Palavra de ordem Garcês
Outra parte do nome não tomada para palavra de ordem José
Datas 1928-
Código de função Ilustrador / Técnico de desenho computorizado
700 #1 - Nome de autor-pessoa física (responsabilidade principal)
Número de registo de entrada de autoridade 0000605
Palavra de ordem Reis
Outra parte do nome não tomada para palavra de ordem António do Carmo
Datas 1942-
942 ## - Elementos de entrada adicionados (Koha)
Tipo de item no Koha Livro
Exemplares
Situação do levantamento Origin of item (home branch) (coded) Biblioteca de empréstimo Código de barras Cota Circulation type (not for loan) Tipo de documento Nota do exemplar Damaged status
  Biblioteca Escolar das Vendas Biblioteca Escolar das Vendas BEV832 9PT REI   Livro Sem mensagem